| 000 | 01044 a2200229 4500 | ||
|---|---|---|---|
| 003 | Nust | ||
| 005 | 20241108105622.0 | ||
| 010 | _a 76047660 | ||
| 020 | _a057421500X | ||
| 040 | _cNust | ||
| 082 | 0 | 0 | _a004.16 |
| 100 | 1 |
_aWilliams, Gerald Earl, _9126802 |
|
| 245 | 1 | 0 |
_aDigital technology : _bprinciples and practices / _cGerald E. Williams. |
| 260 |
_aChicago : _bScience Research Associates, _cc1977. |
||
| 300 |
_axvi, 464 p. ; _bill. ; _c25 cm. |
||
| 505 | _aThe Language of Logic (Page-1) Integrated Logic Circuits (Page-26) Flip Flops and Latches (Page-108) Clocks and Gated Interfacing (Page-138) Number systems And Codes (Page-172) Counter (Page-202) Shift Registers and Shift Register Counter (Page-247) Computer Arithmetic (Page-272) Memory Systems (Page-323) Interfacing (Page-372) An Introduction to Processors and Minicomputers (Page-421) | ||
| 538 | _aAlmirah No. 2 and Shelf No. 6 | ||
| 650 | 0 | _aDigital electronics. | |
| 650 | 0 | _aElectronic digital computers. | |
| 650 | 0 |
_aLogic circuits. _917982 |
|
| 942 |
_2ddc _cBK |
||
| 999 |
_c176176 _d176176 |
||